000 00703nam a22002537a 4500
001 BR2024004455
003 BR-BrBNA
005 20250224140630.0
008 250108b bl.||||| |||| 00| 0 por d
040 _aBR-BrBNA
_bpor
041 _apor
072 _aU10
090 _aU10
_bBR2024004455
110 _4aut.
_aDiretoria Geral de Estatística.
245 _aAnnuario do Observatorio do rio de Janeiro :
_bPara os Anos de 1899 /
260 _aRio de Janeiro, RJ (Brasil) :
_bL. Malafaia Junior,
_c1899.
300 _a317 p.
520 _aAnnuario do Rio de Janeiro.
650 _aASTRONOMIA
650 _aCRONOLOGIA
650 _aCALENDARIO
909 _a012025
_bMartins
942 _cBK
999 _c329527
_d329527